000 01187pam a2200325 a 4500
001 3925884
003 Nust
005 20220831094710.0
008 921112s1993 nyu 000 1 eng
010 _a 92055070
020 _a0340924357
_cRs. 476
038 _aArshad
040 _aDLC
_cDLC
_dDLC
043 _ae-uk---
050 0 0 _aPR6062.E33
_bN5 1993
082 0 0 _a823
_bCAR
100 1 _aLe Carré, John,
_d1931-
_911818
245 1 4 _aThe night manager :
_ba novel
_cby John le Carré.
250 _a1st ed.
260 _aNew York :
_bKnopf,
_c1993.
300 _a624 p. ;
_c25 cm.
650 _aIntelligence service
_9520
650 _aIllegal arms transfers
_912000
655 7 _aSpy stories.
_2gsafd
_98087
856 4 2 _3Contributor biographical information
_uhttp://www.loc.gov/catdir/enhancements/fy0703/92055070-b.html
856 4 2 _3Publisher description
_uhttp://www.loc.gov/catdir/enhancements/fy0703/92055070-d.html
906 _a7
_bcbc
_corignew
_d1
_eocip
_f19
_gy-gencatlg
942 _2ddc
_cBK
999 _c173315
_d173315